Detalles MARC
| 000 -LÍDER |
| Campo fijo de descripción fija |
01201aam a2200289 i 4500 |
| 001 - NÚMERO DE CONTROL |
| Campo de control |
768714001 |
| 003 - IDENTIFICADOR DEL NÚMERO DE CONTROL |
| Campo de control |
CO-MdFUSB |
| 005 - FECHA Y HORA DE LA ULTIMA TRANSACCIÓN |
| control field |
20190202100237.0 |
| 008 - ELEMENTOS DE LONGITUD FIJA -- INFORMACIÓN GENERAL |
| Campo fijo de descripción fija -- Información general |
170710s1976 enk||||| |||| 00| 0 eng d |
| 020 ## - NÚMERO INTERNACIONAL NORMALIZADO PARA LIBROS |
| Número Internacional Normalizado del libro |
0-85151-582-7 |
| 040 ## - FUENTE DE CATALOGACIÓN |
| Agencia de catalogación original |
CO-MdFUSB |
| Idioma de catalogación |
spa |
| Agencia que realiza la transcripción |
CO-MdFUSB |
| Agencia que realiza la modificación |
CO-MdFUSBC |
| Convenciones de la descripción |
rda |
| 041 0# - CÓDIGO DE IDIOMA |
| Código de idioma para texto/pista de sonido o título separado |
eng |
| 082 04 - NÚMERO DE CLASIFICACIÓN DECIMAL DEWEY |
| Número de clasificación |
230 |
| Número de la edición del Dewey |
22 |
| Clave de autor-Numero de item |
H6881e |
| 100 1# - ASIENTO PRINCIPAL--NOMBRE PERSONAL |
| Nombre personal |
Hodge, A. A. (Archibald Alexander) (1823-1886) |
| Término relacionador |
autor |
| 245 10 - TÍTULO |
| Título del Material |
Evangelical theology |
| Parte restante del título - Subtitulo |
: A course of popular lectures |
| Mención de responsabilidad, etc. |
/ A. A. Hodge |
| 250 ## - MENCIÓN DE EDICIÓN |
| Mención de edición |
segunda edición |
| 264 #1 - PRODUCCIÓN, PUBLICACIÓN, DISTRIBUCIÓN, MANUFACTURA, Y COPYRIGHT |
| Lugar de producción, publicación, distribución, manufactura |
Carlisle, PA. USA : |
| Nombre del productor, publicador, distribuidor |
The Banner of Truth Trust, |
| Fecha de producción, publicación, distribución, manufactura, o copyright |
[1976] |
| 300 ## - DESCRIPCIÓN FÍSICA |
| Extensión |
xli, 402 Páginas |
| Dimensiones |
: 22 cm. |
| 336 ## - TIPO DE CONTENIDO |
| Fuente |
rdacontent |
| Término de tipo de contenido |
texto |
| Código de tipo de contenido |
txt |
| 337 ## - TIPO DE MEDIO |
| Fuente |
rdamedia |
| Nombre del tipo de medio |
sin mediación |
| Código del tipo de medio |
n |
| 338 ## - TIPO DE SOPORTE |
| Fuente |
rdacarrier |
| Nombre del tipo de soporte |
volumen |
| Código Tipo de soporte |
nc |
| 505 ## - NOTA DE CONTENIDO |
| Nota de contenido con formato preestablecido |
Dios - Su naturaleza y relación con el universo -- Las Escrituras y la doctrina de la divina providencia -- El espíritu de las Escrituras, el Canon e inspiración -- Predestinación -- La trinidad: la deidad -- El estado original del hombre -- La persona de Cristo -- El reinado de Cristo -- Los sacramentos |
| 563 ## - NOTA DE ENCUADERNACIÓN |
| Nota de encuadernación |
Pasta dura |
| 650 #7 - ASIENTO SECUNDARIO DE MATERIA - TERMINO TEMÁTICO |
| Término temático o nombre geográfico como elemento de entrada |
Teología doctrinal |
| Fuente del encabezamiento o término |
|
| 9 (RLIN) |
179 |
| 942 ## - TIPO DE MATERIAL (KOHA) |
| Tipo de Item KOHA |
Libros General |